| 000 -LEADER |
| fixed length control field |
01105nam a2200301 a 4500 |
| 003 - CONTROL NUMBER IDENTIFIER |
| control field |
AR-BaISA |
| 005 - DATE AND TIME OF LATEST TRANSACTION |
| control field |
20220606123634.0 |
| 007 - PHYSICAL DESCRIPTION FIXED FIELD--GENERAL INFORMATION |
| fixed length control field |
ta |
| 008 - FIXED-LENGTH DATA ELEMENTS--GENERAL INFORMATION |
| fixed length control field |
180927s2016 sp ad | |||| 000 0 spa d |
| 020 ## - INTERNATIONAL STANDARD BOOK NUMBER |
| International Standard Book Number |
9788499106090 |
| 040 ## - CATALOGING SOURCE |
| Transcribing agency |
AR-BaISA |
| 082 04 - DEWEY DECIMAL CLASSIFICATION NUMBER |
| Edition number |
22 |
| Classification number |
612.76 B967 |
| 100 10 - MAIN ENTRY--PERSONAL NAME |
| Personal name |
Busquet, Léopold |
| 9 (RLIN) |
1413 |
| Relator term |
aut. |
| 245 14 - TITLE STATEMENT |
| Title |
Las cadenas fisiológicas. |
| Number of part/section of a work |
Tomo I: |
| Remainder of title |
fundamentos del método. Tronco, columna y miembro superior / |
| Statement of responsibility, etc. |
Leopold Busquet, Michèle Busquet-Vanderheyden |
| 260 ## - PUBLICATION, DISTRIBUTION, ETC. |
| Place of publication, distribution, etc. |
Badalona: |
| Name of publisher, distributor, etc. |
Paidotribo, |
| Date of publication, distribution, etc. |
2016 |
| 300 ## - PHYSICAL DESCRIPTION |
| Extent |
446 p.: |
| Other physical details |
il., graf. |
| Dimensions |
22 cm. |
| 336 ## - CONTENT TYPE |
| Content type term |
Texto (visual) |
| Source |
isbdcontent |
| 337 ## - MEDIA TYPE |
| Media type term |
sin mediación |
| Source |
isbdmedia |
| 490 1# - SERIES STATEMENT |
| Serie |
Método Busquet |
| 504 ## - BIBLIOGRAPHY, ETC. NOTE |
| Bibliography, etc. note |
Bibliografía: p. 443-446 |
| 505 ## - FORMATTED CONTENTS NOTE |
| Title |
Los fundamentos del método -- |
| -- |
Las cadenas del tronco -- |
| -- |
Las compensaciones -- |
| -- |
La columna cervical -- |
| -- |
Los miembros superiores |
| 650 14 - SUBJECT ADDED ENTRY--TOPICAL TERM |
| Topical term or geographic name entry element |
Medicina osteopática |
| 9 (RLIN) |
1415 |
| 650 14 - SUBJECT ADDED ENTRY--TOPICAL TERM |
| Topical term or geographic name entry element |
Movimiento |
| 9 (RLIN) |
881 |
| 650 14 - SUBJECT ADDED ENTRY--TOPICAL TERM |
| Topical term or geographic name entry element |
Fisiología humana |
| 9 (RLIN) |
31 |
| 700 1# - ADDED ENTRY--PERSONAL NAME |
| Personal name |
Busquet-Vanderheyden, Michèle |
| 9 (RLIN) |
1416 |
| Relator term |
aut. |
| 830 #0 - SERIES ADDED ENTRY--UNIFORM TITLE |
| 9 (RLIN) |
1414 |
| Uniform title |
Método Busquet |
| 942 ## - ADDED ENTRY ELEMENTS (KOHA) |
| Source of classification or shelving scheme |
|
| Koha item type |
Libros |